Novela Zákonníka práce

Bibliographic Details
Format: Article
Language:Slovak
Subjects:

MARC

LEADER 00000nab a2200000 a 4500
001 vtls000403336
003 SK-MaSNL
005 20260302231857.0
008 120924c1991 xo 0 slo
015 |a SNBRB19rr/mm-uuuuu 
035 |a CL0403460 
040 |a SNKBUCL  |b slo  |c SNKBUCL  |e AACR2 
041 0 |a slo 
044 |a xo  |c SK 
080 |a 349.2:340.133  |2 1981 
080 |a 340.133  |2 1981 
245 0 0 |a Novela Zákonníka práce 
650 0 7 |a Zákonník práce  |2 snkbucl  |9 462993 
655 7 |a články z novín a časopisov  |2 snkbucl  |9 267496 
773 0 |t Pravda  |g Roč. 72, č. 16 (19. 1. 1991), s. 5-6 
850 |a Slovenská národná knižnica v Martine  |a MTA001 
852 |a SNK  |b KIS3GCP 
958 |a RK 
992 |a RBX 
999 |c 1540513  |d 1542443